000 00872nam a2200265Ia 4500
001 22074
005 20260320113340.0
008 260320s9999||||xx |||||||||||||| ||und||
020 _a9781641774444
041 _aING
082 _a510
_bT819
100 _aTawney, J. Jacob,
_eAUT
245 0 _aAnother sort of mathematics :
_bselected proofs necessary to acquire a true education in mathematics
246 _a
_5
_b
250 _aFirst edition
260 _aNew York :
_bEncounter Books,
_c2025
300 _a327 páginas :
_b
_c24 cm.
_e
440 _a
_n
_v
650 _aMAT
653 _aMatemáticas - Estudio y enseñanza; Teoría de la demostración
654 _aCHU
700 _a
_c
856 _uhttps://0u20fpnew-y-https-research-ebsco-com.itmsp.museknowledge.com/c/qxo6us/search
_zVéase además: Base de datos EBSCOhost
942 _cLIB
_dJUS
_fMAT
_2ddc
_n
999 _c22074
_d22074